000 00830nmm a2200265 a 4500
001 ocm000891400
003 TR-IsHL
005 20201028144458.0
008 141121s2013 tu tur
007 cr cn
020 _a9786055394509
035 _a891400
_b(N$T)
050 0 4 _aPL248.B454
_bA75 2013
090 0 4 _aPL248.B454
_bA75 2013
100 1 _aBilgin, Hasan Basri
245 1 0 _aAşk ve dua
_h[electronic resource] /
_cHasan Basri Bilgin
260 _aİstanbul :
_bYediveren Yayınları,
_c2013
300 _a320 p.
650 4 _aDil ve Edebiyat
650 4 _aLanguage and Literature
650 0 _aTürk Romanı
650 0 _aTurkish fiction
650 7 _aLITERARY COLLECTIONS / Middle Eastern
_2bisacsh
856 4 0 _uhttp://search.ebscohost.com/login.aspx?direct=true&scope=site&db=e011xww&AN=891400
999 _c9446
_d9446